Aprendizaje y cognición
Bewaard in:
| Hoofdauteur: | |
|---|---|
| Formaat: | Boek |
| Taal: | Spaans |
| Gepubliceerd in: |
Barcelona
Ariel
1998
|
| Reeks: | Colección Ariel Psicología
|
| Onderwerpen: | |
| Tags: |
Voeg label toe
Geen labels, Wees de eerste die dit record labelt!
|
MARC
| LEADER | 00000nam a2200000 a 4500 | ||
|---|---|---|---|
| 001 | UCO4311 | ||
| 003 | CL-VaPUC | ||
| 008 | 000804e19980000SP |||||||||||||||||spa|d | ||
| 082 | 0 | 4 | |a 153.152 |b PEA |2 21 |
| 100 | |a Pearce, John M. |e autor |9 448736 | ||
| 245 | 1 | 0 | |a Aprendizaje y cognición |
| 300 | |a 432 p | ||
| 942 | |c BK | ||
| 945 | |d 20000804 00:00:00 |a rbrito | ||
| 260 | |a Barcelona |b Ariel |c 1998 | ||
| 650 | 0 | |a Cognición |9 270347 | |
| 650 | 0 | |a Psicología del aprendizaje |9 306854 | |
| 650 | 0 | |a Memoria |9 266549 | |
| 650 | 0 | |a Mnemotecnia |9 310301 | |
| 583 | |a last modification |c 20180430 04:46:26 |k Rodrigo Vera | ||
| 490 | 0 | |a Colección Ariel Psicología | |
| 999 | |c 290374 |d 290372 | ||
| 952 | |0 0 |1 0 |4 0 |6 153_152000000000000_PEA_1998 |7 0 |8 A |9 339722 |a BIBEDU |b BIBEDU |d 2019-11-20 |i 3637158 |l 1 |o 153.152 PEA 1998 |p 3637158 |r 2025-04-15 |s 2025-04-04 |w 2019-11-20 |y BK |k EDU | ||